[Event "ch-FRA National 1"]
[Site "Lille FRA"]
[Date "2005.05.07"]
[Round "10"]
[White "Vandevoort,P"]
[Black "Deslandes,P"]
[Result "1-0"]
[WhiteElo "2385"]
[BlackElo "2276"]

1.d4 Nf6 2.Bg5 g6 3.Bxf6 exf6 4.c4 f5 5.e3 Bg7 6.Nc3 d6 7.g3 O-O 8.Bg2 Nd7
9.Nge2 Nf6 10.O-O Re8 11.Qd3 c6 12.b4 Qe7 13.b5 Ne4 14.a4 a5 15.Rab1 h5 16.h4 Bh6
17.bxc6 bxc6 18.Rb6 Bd7 19.Rb7 Nxc3 20.Nxc3 Rec8 21.c5 Bg7 22.d5 Bxc3 23.dxc6 Qf6
24.Rxd7 d5 25.Bxd5  1-0

[Event "ch-FRA National 1"]
[Site "Lille FRA"]
[Date "2005.05.07"]
[Round "10"]
[White "Miladinovic,I"]
[Black "Doettling,F"]
[Result "1/2-1/2"]
[WhiteElo "2604"]
[BlackElo "2528"]

1.d4 d5 2.Bg5 Nf6 3.Bxf6 exf6 4.e3 Bd6 5.Bd3 f5 6.Qf3 g6 7.Nd2 c6 8.Ne2 Nd7
9.c4 Nf6 10.cxd5 cxd5 11.Nc3 Be6 12.Qe2 O-O 13.f4 Re8 14.O-O Bd7 15.h3 Qb6
16.Rab1 Re7 17.Qf2 Rae8 18.Rfe1 Bb4 19.Nf3 Qa5 20.Ne5 Be6 21.Rec1 Rc7 22.Nb5 Rxc1+
23.Rxc1 a6 24.a3 Be7 25.Nc3 Rc8 26.Nf3  1/2-1/2

[Event "FSGM May"]
[Site "Budapest HUN"]
[Date "2005.05.08"]
[Round "2"]
[White "Nguyen Ngoc Truongson"]
[Black "Varadi,V"]
[Result "1-0"]
[WhiteElo "2527"]
[BlackElo "2430"]

1.d4 Nf6 2.Bg5 d5 3.Bxf6 exf6 4.e3 Bd6 5.g3 c6 6.Bg2 f5 7.Ne2 Nd7 8.Nd2 Nf6
9.c4 dxc4 10.Nxc4 Bc7 11.Nc3 O-O 12.O-O Be6 13.Qd3 Qe7 14.Rfd1 Rad8 15.Rab1 b5
16.Nd2 b4 17.Ne2 c5 18.Rbc1 Bb6 19.Nc4 cxd4 20.Nxd4 Bxd4 21.exd4 f4 22.Ne5 fxg3
23.hxg3 Bd5 24.Bxd5 Rxd5 25.Qf3 Qb7 26.Rc6 Qb5 27.Rxf6 gxf6 28.Qxf6 Qe2 29.Qg5+ Kh8
30.Rc1 Rxe5 31.Qxe5+ Qxe5 32.dxe5 Re8 33.Rc5 Kg7 34.Kg2 Re6 35.Ra5 a6 36.b3 Kg6
37.f4 Rc6 38.Kf3 Rc3+ 39.Kg4 h5+ 40.Kh4 Rc6 41.Rd5 Rc2 42.Rd6+ Kg7 43.Rxa6 Rh2+
44.Kg5 Rg2 45.Rb6 Rxg3+ 46.Kxh5 Rg2 47.Rxb4 Rxa2 48.Kg5 Rg2+ 49.Kf5 Rh2 50.Rb7 Kf8
51.b4 Rh5+ 52.Ke4 Rh1 53.b5 Rh2 54.b6 Rh1 55.Rc7  1-0

[Event "FSIM May"]
[Site "Budapest HUN"]
[Date "2005.05.08"]
[Round "2"]
[White "Koneru,C"]
[Black "Lundin,J"]
[Result "1/2-1/2"]
[WhiteElo "2305"]
[BlackElo "2259"]

1.d4 Nf6 2.Bg5 d5 3.Nd2 Nbd7 4.e3 g6 5.Ngf3 Bg7 6.c4 Ne4 7.Bf4 O-O 8.Bd3 Nxd2
9.Qxd2 dxc4 10.Bxc4 c5 11.O-O cxd4 12.exd4 Nb6 13.Bb3 Nd5 14.Bh6 Bg4 15.Ne5 Be6
16.Rad1 a5 17.a3 a4 18.Ba2 Qa5 19.Bxg7 Kxg7 20.Nd3 Qxd2 21.Rxd2 Nf4 22.Bxe6 Nxe6
23.d5 Nc7 24.Nb4 Rfd8 25.Rc1 Rd7 26.g3 Ra5 27.Rc4 e6 28.d6 Nd5 29.Nxd5 exd5
30.Rc7 Rxd6 31.Rxb7 d4 32.Rb4 d3 33.Rc4 Rb5 34.Rxa4 Rxb2 35.Rxb2 d2 36.Rxd2 Rxd2
37.Rc4 Ra2 38.Rc3 Kf6 39.Kg2 Ke5 40.Kf3 h5 41.h4 Kf5 42.Rc5+ Ke6 43.Rc6+ Kf5
44.Rc5+ Kf6 45.Rc6+ Kf5 46.Ra6 Ke5 47.a4 Ra3+ 48.Kg2 Kf5 49.a5 Ke5 50.Ra8 Kf5
51.a6 Kf6 52.Kf1 Ra2 53.Kg2 Ra3 54.a7 Kf5 55.Kf1 Ra2 56.Kg2 Ra3 57.Kf1  1/2-1/2

[Event "Torch Real Estate Cup"]
[Site "Wuxi CHN"]
[Date "2005.05.08"]
[Round "7"]
[White "Xie Jianjun"]
[Black "Luo Wei"]
[Result "1-0"]
[WhiteElo "2391"]
[BlackElo "2302"]

1.d4 Nf6 2.Bg5 d5 3.Nd2 Nbd7 4.e3 e6 5.Ngf3 Be7 6.c4 O-O 7.Be2 b6 8.O-O Bb7
9.Rc1 c5 10.a3 h6 11.Bh4 Ne4 12.Bxe7 Qxe7 13.dxc5 Nxd2 14.Nxd2 bxc5 15.cxd5 exd5
16.b4 Rfc8 17.bxc5 Rxc5 18.Nb3 Rxc1 19.Qxc1 Rc8 20.Qb2 Nb6 21.Nd4 g6 22.Qb4 Qc5
23.h4 h5 24.Rb1 Qxb4 25.axb4 a6 26.Ra1 Nc4 27.Rc1 Nd6 28.Ra1 Nc4 29.Rc1 Nd6
30.Ra1 Nc4 31.Kf1 Kf8 32.Ke1 Ke7 33.g3 Kd6 34.Rc1 Ne5 35.Rxc8 Bxc8 36.Kd2 Nc6
37.Kc3 Ne7 38.Kb3 Kc7 39.Kc3 Kd6 40.Bd3 Bb7 41.Nb3 Bc8 42.Na5 Ng8 43.Kd4 Ne7
44.Bc2 Ng8 45.Ba4 Ne7 46.Be8 Nf5+ 47.Kd3 Ke7 48.Bc6 Kd6 49.Ba4 Ne7 50.Bd1 Nf5
51.Ba4 Ne7 52.Be8 f6 53.Kc3 Bh3 54.Nb7+ Ke5 55.Nc5 Bf1 56.Bf7 Kd6 57.Nb3 Bb5
58.Nd4 Bd7 59.Ne2 Bf5 60.Nf4 Be4 61.Be8 Bb1 62.Ba4 Be4 63.Bd1 Bf5 64.Be2 Bc8
65.Bd3 f5 66.Be2 Bb7 67.Kb3 Kc6 68.Ne6 Bc8 69.Nf8 Kc7 70.Kc3 Kd6 71.Bd1 Bb7
72.Be2 Bc8 73.Bf1 Bb7 74.Kb3 Bc8 75.Ka4 Kc7 76.Bd3 Kb6 77.Be2 Kc7 78.b5 axb5+
79.Bxb5 f4 80.gxf4 Bf5 81.Kb4 Bb1 82.Kc3 Be4 83.Bd3 Bf5 84.f3 Kc6 85.Kd2 d4
86.e4 Bc8 87.Bb1 Bh3 88.Ba2 Bg2  1-0

[Event "Huila Centenary"]
[Site "Neiva COL"]
[Date "2005.05.10"]
[Round "1"]
[White "Castro,O"]
[Black "William,A"]
[Result "1/2-1/2"]
[WhiteElo "2387"]
[BlackElo "2275"]

1.d4 Nf6 2.Bg5 d5 3.e3 e6 4.c4 Be7 5.Nc3 O-O 6.Nf3 Nbd7 7.Rc1 a6 8.cxd5 exd5
9.Bd3 c6 10.Qc2 h6 11.Bf4 Re8 12.O-O Nf8 13.h3 Be6 14.Qb3 Qc8 15.Na4 N8d7
16.a3 b6 17.Nc3 c5 18.Bb1 c4 19.Qc2 Qb7 20.b4 a5 21.Qb2 axb4 22.axb4  1/2-1/2

[Event "FSGM May"]
[Site "Budapest HUN"]
[Date "2005.05.11"]
[Round "5"]
[White "Chernyshov,K"]
[Black "Paschall,W"]
[Result "1/2-1/2"]
[WhiteElo "2531"]
[BlackElo "2400"]

1.d4 Nf6 2.Bg5 d5 3.e3 c5 4.Bxf6 gxf6 5.c3 Qb6 6.Qb3 Nc6 7.Nd2 cxd4 8.exd4 e6
9.Ngf3 Bd7 10.Bd3 Na5 11.Qxb6 axb6 12.a4 Bd6 13.O-O Ke7 14.Rfe1 Bf4 15.g3 Bxd2
16.Nxd2 h6 17.b4 Nc6 18.f4 Kd6 19.Nf3 Ne7 20.Bc2 Rhc8 21.Ra3 Bb5 22.Kf2 Bc4
23.Ke3 b5 24.Rea1 bxa4 25.Bxa4 Nf5+ 26.Kd2 Kc7 27.Bc2 Rxa3 28.Rxa3 Nd6 29.Ra1 f5
30.Nh4 Kd7 31.Ng2 Rc6 32.Ra8 Ra6 33.Rxa6 Bxa6 34.Ne3 Nc4+ 35.Nxc4 Bxc4 36.Ba4+ Ke7
37.Ke3 Kf6 38.Kf2 b6 39.Bd1 Kg6 40.Kg2 Bd3 41.Kh3 Kg7 42.Kh4 Kf6 43.Kh5 Kg7
44.Bf3 Bf1 45.Kh4 Bd3 46.h3 Be4 47.Be2 Bg2 48.g4 fxg4 49.hxg4 Be4 50.Bb5 Bc2
51.Be8 Bd1 52.Kh3 Kf6 53.Kg3 Ke7 54.Bb5 Kd6 55.g5 hxg5 56.fxg5 e5 57.Ba6 exd4
58.cxd4 Bc2 59.Bc8 Kc7 60.Bg4 Bh7 61.Bh5 Bg6 62.Bg4 Kd6 63.Bc8 Bh7 64.Bb7 Bb1
65.Kf4 Bh7 66.Ke3 Be4 67.Kd2 Kc7 68.Ba6 Kd6 69.Ke3 Bg6 70.Kf4 Ke6 71.Be2 Kd6
72.Bg4 Bh7 73.Bd1 Ke6 74.Ba4 Kd6 75.Bb5 Bg6 76.Kg4 Ke6 77.Bc6 Kd6 78.Bb7 Ke6
79.Kf4 Kd6 80.Kf3 Be4+ 81.Ke3 Kc7 82.Ba6 Kd6 83.Kd2 Bf5 84.Kc3 Bg6 85.Kb3 Kc6
86.Be2 Bf5 87.Bh5 Bg6 88.Bg4 Be4 89.Kb2 Kd6 90.Kc3 Bb1 91.Kb3 Be4 92.Ka4 Kc6
93.Be2 Bc2+ 94.Ka3 Be4 95.Kb3 Bf5 96.Kc3  1/2-1/2

[Event "FSIM May"]
[Site "Budapest HUN"]
[Date "2005.05.11"]
[Round "5"]
[White "Koneru,C"]
[Black "Niemi,K"]
[Result "0-1"]
[WhiteElo "2305"]
[BlackElo "2247"]

1.d4 Nf6 2.Bg5 c5 3.Bxf6 gxf6 4.dxc5 Na6 5.Nc3 Nxc5 6.Qd2 d6 7.e3 a6 8.Nge2 Bd7
9.Nd4 Rc8 10.Be2 e6 11.Bf3 Qc7 12.O-O b5 13.a3 Be7 14.Rfd1 Nb7 15.Rac1 Na5
16.Be2 Nc4 17.Bxc4 bxc4 18.e4 Qa5 19.Kh1 Rg8 20.f4 Qh5 21.Rf1 Rc5 22.b4 cxb3
23.Nxb3 Rc8 24.Rf3 Rg4 25.Kg1 Kf8 26.Qe2 Rh4 27.Nd1 Rxf4 28.Nd4 Rxf3 29.Nxf3 Qc5+
30.Nf2 Bd8 31.Kh1 Bb6 32.Ng4 Ke7 33.Qxa6 h5 34.Nh6 Bb5 35.Qb7+ Qc7 36.Qxc7+ Bxc7
37.Rb1 Bc6 38.Rb4 Rh8 39.Rc4 Kd7 40.Nxf7 Rh7 41.N7g5 fxg5 42.Nxg5 Re7 43.h4 Bb6
44.a4 Bc5 45.Nf3 e5 46.Kh2 Kc7 47.Nd2 Kb6 48.Nb3 Ra7 49.a5+ Kb5 50.Rc3 Bxe4
51.Nxc5 dxc5 52.Rb3+ Kc4 53.Re3 Bxc2 54.Rxe5 Bd1  0-1

[Event "Huila Centenary"]
[Site "Neiva COL"]
[Date "2005.05.11"]
[Round "3"]
[White "William,A"]
[Black "Espinosa,J"]
[Result "1/2-1/2"]
[WhiteElo "2275"]
[BlackElo "2315"]

1.d4 Nf6 2.Bg5 c5 3.d5 Qb6 4.Bc1 g6 5.Nc3 Bg7 6.e4 d6 7.Bb5+ Nbd7 8.Nge2 O-O
9.a4 a6 10.a5 Qc7 11.Bxd7 Bxd7 12.O-O b5 13.axb6 Qxb6 14.Ra3 Rfb8 15.Qe1 e6
16.Nf4 Qc7 17.f3 Re8 18.Qh4 Qd8 19.Rd1 e5 20.Nfe2 c4 21.Be3 Qb8 22.Ra2 Rc8
23.Rda1 Qb7 24.g4 Kh8 25.Qf2 Rf8 26.Ng3 Ng8 27.Qe2 f5 28.Bf2 fxg4 29.fxg4 Nh6
30.h3 Nf7 31.Be3 Bf6 32.Rf1 Bh4 33.Kg2 Rae8  1/2-1/2

[Event "ch-EST"]
[Site "Tallinn EST"]
[Date "2005.05.11"]
[Round "2"]
[White "Kalinitschew,S"]
[Black "Rytshagov,M"]
[Result "1/2-1/2"]
[WhiteElo "2487"]
[BlackElo "2455"]

1.d4 Nf6 2.Bg5 c5 3.Nc3 cxd4 4.Qxd4 Nc6 5.Qh4 d5 6.O-O-O Be6 7.e4 d4 8.Nf3 Qb6
9.Nxd4 Nxd4 10.e5 O-O-O 11.exf6 exf6 12.Be3 Bc5 13.Bd3 Qa5 14.Bc4 Bxc4 15.Bxd4 Bxd4
16.Rxd4 Rxd4 17.Qxd4 Bxa2 18.Rd1 Be6 19.Qe3 Rd8 20.Rxd8+ Kxd8 21.Kb1 Qe5
22.Qd2+ Ke7 23.g3 b6 24.f4 Qd6 25.Qg2 f5 26.b3 Qd7 27.Qa8 Kf6 28.Qb8 h6 29.Qe5+ Kg6
30.Kb2 f6 31.Qe3 Qc6 32.h3 Kh7 33.h4 Bd5 34.Qd4 Be6 35.Qe3 Kg8 36.Qe2 Kf7
37.Qe3  1/2-1/2

[Event "FSIM May"]
[Site "Budapest HUN"]
[Date "2005.05.12"]
[Round "6"]
[White "Hasanova,E"]
[Black "Caruana,F"]
[Result "1-0"]
[WhiteElo "2282"]
[BlackElo "2255"]

1.d4 Nf6 2.Bg5 c5 3.Bxf6 gxf6 4.d5 Qb6 5.Qc1 f5 6.e3 Bg7 7.c3 d6 8.Ne2 Nd7
9.Na3 Nf6 10.Nc4 Qc7 11.Qd2 b5 12.Na3 a6 13.Rd1 Bb7 14.Nf4 Qd7 15.Be2 O-O-O
16.Nh5 Nxh5 17.Bxh5 e6 18.Bf3 e5 19.Nc2 Rhe8 20.a4 e4 21.Be2 Re5 22.c4 b4
23.O-O Ree8 24.b3 Bc3 25.Qc1 Qe7 26.Ne1 h5 27.f4 exf3 28.Rxf3 f4 29.Nc2 fxe3
30.Rxe3 Qh4 31.Rh3 Qxh3 32.gxh3 Rxe2 33.Kh1 Be5 34.Qg5 Rxh2+ 35.Kg1 f6 36.Qxh5 Rg8+
37.Kf1 Kb8 38.Qh7 Rg3 39.Rd3 Rgg2 40.Ne3 Rf2+ 41.Kg1 Bc8 42.Qg8 Rf3 43.Ng4 Rxd3
44.Nxe5 fxe5 45.Kxh2 Rxh3+ 46.Kg2 Kc7 47.Qe8 Bd7 48.Qa8 Rxb3 49.Qxa6 Ra3
50.a5 e4 51.Qb6+ Kc8 52.a6 Bh3+ 53.Kh2 e3 54.a7 e2 55.Qc6+ Kd8 56.a8=Q+ Rxa8
57.Qxa8+ Ke7 58.Qa1 Bf1 59.Kg3 Kd7 60.Qe1 Kc7 61.Kf2 Kb6 62.Qc1 Ka5 63.Qa1+ Kb6
64.Qa2  1-0

[Event "FSGM May"]
[Site "Budapest HUN"]
[Date "2005.05.12"]
[Round "6"]
[White "Nguyen Ngoc Truongson"]
[Black "Wittmann,W"]
[Result "1-0"]
[WhiteElo "2527"]
[BlackElo "2386"]

1.d4 Nf6 2.Bg5 d5 3.Bxf6 gxf6 4.c4 dxc4 5.e3 c5 6.Bxc4 cxd4 7.exd4 Bg7 8.Ne2 Nc6
9.Nbc3 O-O 10.Qd2 e5 11.d5 Na5 12.Bd3 f5 13.b4 e4 14.Ba6 Qb6 15.Bb5 Nc6 16.dxc6 bxc6
17.Ba4 Rd8 18.Qg5 a5 19.bxa5 Qxa5 20.O-O Ba6 21.Bb3 Bd3 22.Rac1 Rd7 23.Ng3 Bxf1
24.Nxf5 Qe5 25.Kxf1 Ra5 26.Qxg7+ Qxg7 27.Nxg7 Kxg7 28.Nxe4 Re5 29.Nc3 Rd2
30.Re1 Rxe1+ 31.Kxe1 Rb2 32.Ne4  1-0

[Event "FSGM May"]
[Site "Budapest HUN"]
[Date "2005.05.13"]
[Round "7"]
[White "Chernyshov,K"]
[Black "Nguyen Ngoc Truongson"]
[Result "1/2-1/2"]
[WhiteElo "2531"]
[BlackElo "2527"]

1.d4 Nf6 2.Bg5 d5 3.e3 Nbd7 4.Nf3 e6 5.Nbd2 Be7 6.Bd3 c5 7.c3 b6 8.O-O Bb7
9.Qe2 O-O 10.Rad1 Ne4 11.Bxe7 Qxe7 12.Bb5 Nd6 13.Bd3 e5 14.Nxe5 Nxe5 15.dxe5 Qxe5
16.Qg4 h6 17.Nf3 Qf6 18.Rd2 Ne4 19.Rc2 Rad8 20.Rd1 Rfe8 21.Qh4 Kf8 22.Qxf6 Nxf6
23.Rcd2 Re6 24.Bf5 Ree8 25.h3 g6 26.Bc2 Re6 27.Nh2 Ke7 28.Nf1 Red6 29.f3 Bc6
30.Kf2 Ne8 31.g4 Ng7 32.f4 Ne8 33.Ng3 Nf6 34.Bd3 a5 35.Bc2 a4 36.a3 b5 37.Bb1 R6d7
38.Ne2 Rb8 39.Ng1 Ne4+ 40.Bxe4 dxe4 41.Ne2 Rbd8 42.Rxd7+ Rxd7 43.Rxd7+ Kxd7
44.c4 b4 45.Nc1 Kd6 46.Na2 Bd7 47.Ke1 Be6 48.axb4 cxb4 49.Nxb4 Kc5 50.Na2 Kxc4
51.Kd2 Kb3 52.Nc3 Bd7 53.Nd1 h5 54.f5 hxg4 55.hxg4 gxf5 56.gxf5 Bxf5 57.Kc1 Bg4
58.Nf2 f5 59.Kb1 Be2 60.Nh3 Bg4 61.Nf4 Bf3 62.Kc1 Bg4 63.Ne6 Bh3 64.Nf4 Bg4
65.Ne6 Bh3 66.Nf4  1/2-1/2

[Event "55th ch-HUN"]
[Site "Kazincbarcika HUN"]
[Date "2005.05.13"]
[Round "4"]
[White "Cao Sang"]
[Black "Gyimesi,Z"]
[Result "1/2-1/2"]
[WhiteElo "2488"]
[BlackElo "2595"]

1.d4 Nf6 2.Bg5 d5 3.e3 c6 4.Bxf6 exf6 5.c4 dxc4 6.Bxc4 Bd6 7.Nc3 O-O 8.Nf3 Nd7
9.O-O f5 10.Qc2 Nf6 11.Rfd1 Qe7 12.a4 g6 13.a5 Bd7 14.d5 cxd5 15.Nxd5 Nxd5
16.Bxd5 Be6 17.Qb3 Bxd5 18.Rxd5 Rad8 19.Rad1 Bc7 20.g3 Rxd5 21.Rxd5 b6 22.a6 Qe4
23.Qd1 b5 24.Kg2 b4 25.Qd4 Bb6 26.Qxe4 fxe4 27.Nd2 Rc8 28.b3 f5 29.Nc4 Bc5
30.h3 Kf7 31.Rd7+ Ke6 32.Rxh7 Rc6 33.Rg7 Kd5 34.Rd7+ Ke6 35.Rg7  1/2-1/2

[Event "FSGM May"]
[Site "Budapest HUN"]
[Date "2005.05.15"]
[Round "9"]
[White "Chernyshov,K"]
[Black "Berczes,D"]
[Result "1/2-1/2"]
[WhiteElo "2531"]
[BlackElo "2342"]

1.d4 Nf6 2.Bg5 d5 3.e3 c5 4.Bxf6 gxf6 5.c3 Nc6 6.Nd2 e5 7.dxc5 Bxc5 8.Nb3 Be7
9.Bd3 Be6 10.Ne2 Qd7 11.O-O O-O-O 12.f4 Qc7 13.f5 Bd7 14.Qe1 Kb8 15.e4 Na5
16.exd5 Nc4 17.Be4 Bb5 18.Rf2 Ne3 19.Ng3 Qb6 20.Kh1 h5 21.Rf3 Nxd5 22.Bxd5 Rxd5
23.Ne4 Rhd8 24.h3 Rd3 25.Rxd3 Rxd3 26.Qh4 Bc6 27.Rb1 Re3 28.Nbd2 Re2 29.Re1 Rxe1+
30.Qxe1 Qxb2 31.Kh2 Qxa2 32.Qd1 Qa4 33.Qe2 Qc2 34.Qc4 Bd8 35.Qb4 Qd3 36.Qf8 h4
37.Kg1 a6 38.Nd6 Qe3+ 39.Kf1 Qd3+ 40.Kg1 Qe3+ 41.Kf1 Qd3+  1/2-1/2

[Event "Victory Cup"]
[Site "Alushta UKR"]
[Date "2005.05.16"]
[Round "5"]
[White "Lahiri,A"]
[Black "Annaberdyev,Bay"]
[Result "1-0"]
[WhiteElo "2355"]
[BlackElo "2335"]

1.d4 Nf6 2.Bg5 c5 3.d5 Qb6 4.Nc3 Qxb2 5.Bd2 Qb6 6.e4 d6 7.f4 Bg4 8.Be2 Bxe2
9.Qxe2 a6 10.Nf3 Qd8 11.O-O h6 12.e5 dxe5 13.fxe5 Nxd5 14.e6 fxe6 15.Ne5 Nf6
16.Rxf6 exf6 17.Qh5+ Ke7 18.Qf7+ Kd6 19.Bf4 fxe5 20.Rd1+ Kc6 21.Rxd8 exf4
22.Qxe6+  1-0

[Event "FSGM May"]
[Site "Budapest HUN"]
[Date "2005.05.16"]
[Round "10"]
[White "Nguyen Ngoc Truongson"]
[Black "Paschall,W"]
[Result "1-0"]
[WhiteElo "2527"]
[BlackElo "2400"]

1.d4 Nf6 2.Bg5 d5 3.Bxf6 gxf6 4.c4 dxc4 5.e3 c5 6.Bxc4 Rg8 7.Ne2 cxd4 8.exd4 Nc6
9.O-O f5 10.Nbc3 Bd7 11.Re1 Rc8 12.Nf4 Rg4 13.Ncd5 Bg7 14.h3 Rxf4 15.Nxf4 Nxd4
16.Qh5 Rxc4 17.Qxh7 Bf8 18.Ng6 e6 19.Ne5 Qf6 20.Nxc4 Nc2 21.Ne5 Bb5 22.f4 Bc5+
23.Kh1 Nxa1 24.Rxa1 Be3 25.Qg8+ Ke7 26.Qc8 Be8 27.Rd1 Bb6 28.Rd8 Bxd8 29.Qc5+  1-0

[Event "48th TCh-SCG"]
[Site "Herceg Novi SCG"]
[Date "2005.05.16"]
[Round "2"]
[White "Vajdic,N"]
[Black "Milicevic,A"]
[Result "1-0"]
[WhiteElo "2242"]
[BlackElo "2270"]

1.d4 d5 2.Bg5 Nf6 3.Bxf6 gxf6 4.e3 e6 5.c4 c6 6.Nc3 Nd7 7.cxd5 exd5 8.Bd3 Bd6
9.Nf3 Nf8 10.Nh4 Ng6 11.Nf5 Bf8 12.Qc2 Be6 13.Ng3 Bd6 14.f4 Bd7 15.Nf5 Bf8
16.O-O Be6 17.Rae1 Qb6 18.Na4 Qc7 19.Rc1 O-O-O 20.Nc5 Kb8 21.b4 Ka8 22.a4 Re8
23.Ng3 Bd7 24.Rfe1 Bd6 25.Nxd7 Qxd7 26.b5 Nxf4 27.exf4 Bxf4 28.bxc6 Qxc6
29.Qxc6 bxc6 30.Rxe8+ Rxe8 31.Rxc6 Be3+ 32.Kf1 Bxd4 33.Rd6 Re3 34.Ba6 Kb8
35.Nf5 Re4 36.Nxd4 Rxd4 37.Rc6  1-0

[Event "Chigorin CC"]
[Site "St Petersburg RUS"]
[Date "2005.05.16"]
[Round "1"]
[White "Krasnov,Vas"]
[Black "Chuvakov,N"]
[Result "1/2-1/2"]
[WhiteElo "2208"]
[BlackElo "1942"]

1.d4 Nf6 2.Bg5 d5 3.Bxf6 exf6 4.e3 Be7 5.c4 c6 6.Nc3 Be6 7.Qb3 Qb6 8.c5 Qc7
9.Qc2 f5 10.Bd3 g6 11.Nge2 O-O 12.O-O f6 13.b4 Nd7 14.a4 Rfe8 15.a5 a6 16.Nf4 Bf7
17.Na4 Nf8 18.Nb6 Rab8 19.Rfc1 Bd8 20.g3 Qe7 21.Ra3 Bc7 22.Qd1 Rbd8 23.Qf1 g5
24.Ne2 Bg6 25.Nc3 f4 26.exf4 gxf4 27.Raa1 Be4 28.Bxe4 dxe4 29.Qc4+ Kh8 30.d5 Be5
31.Qxe4 Bxc3 32.Qxe7 Rxe7 33.Rxc3 cxd5 34.Rd1 d4 35.Rcd3 fxg3 36.hxg3 Ne6
37.f4 f5 38.Kf2 Kg7 39.Re1 Kf6 40.Re5 Nc7 41.Rxe7 Kxe7 42.Nc4 Ke6 43.Nd6 Nb5
44.Nxb7 Rd7 45.c6 Rc7 46.Nc5+ Kd5 47.Nxa6 Rxc6 48.Nc5 Kc4 49.Rd1 Kxb4 50.Nd3+ Kxa5
51.Ra1+ Kb6 52.Nb4 Rc4 53.Nd5+ Kc5 54.Ne7 Rc2+ 55.Kf3 d3 56.Nxf5 d2 57.Ne3 Rc1
58.Ra8 d1=Q+ 59.Nxd1 Rxd1 60.Rc8+ Kd5 61.Rh8 Rh1 62.Kg2 Rh6 63.g4 Ke4 64.g5 Rh5
65.Kg3 Nd6 66.g6 Nf5+ 67.Kg4 hxg6 68.Rxh5 gxh5+ 69.Kxh5  1/2-1/2

[Event "FSIM May"]
[Site "Budapest HUN"]
[Date "2005.05.17"]
[Round "11"]
[White "Koneru,C"]
[Black "Hasanova,E"]
[Result "0-1"]
[WhiteElo "2305"]
[BlackElo "2282"]

1.d4 Nf6 2.Bg5 d5 3.e3 Nbd7 4.Nf3 g6 5.Nbd2 Bg7 6.Bd3 O-O 7.O-O Re8 8.c4 c5
9.Rc1 cxd4 10.exd4 dxc4 11.Nxc4 Nb6 12.Nce5 Be6 13.Bb5 Rf8 14.b3 Rc8 15.Qe2 Qd6
16.Bd3 Nfd5 17.Nc4 Nxc4 18.Bxc4 Bg4 19.h3 Bxf3 20.Qxf3 e6 21.Bxd5 exd5 22.Rc3 h6
23.Bh4 Rxc3 24.Qxc3 Re8 25.Bg3 Qc6 26.Qd2 Re4 27.Be5 Bxe5 28.dxe5 Rxe5 29.Qxh6 Qc3
30.Qh4 d4 31.f4 Rf5 32.Re1 Kg7 33.Qf2 Rxf4 34.Qxf4 Qxe1+ 35.Kh2 Qe3 36.Qd6 d3
37.h4 d2 38.h5 g5 39.h6+ Kh7 40.Qd7 Qe5+ 41.g3 Qe2+  0-1

[Event "48th TCh-SCG"]
[Site "Herceg Novi SCG"]
[Date "2005.05.19"]
[Round "5"]
[White "Pavlovic,Mi"]
[Black "Stojanovic,Da"]
[Result "1/2-1/2"]
[WhiteElo "2475"]
[BlackElo "2452"]

1.d4 Nf6 2.Bg5 g6 3.Bxf6 exf6 4.e3 Bg7 5.Ne2 O-O 6.h4 h5 7.Nf4 Bh6 8.Qf3 d6
9.Nc3 Nc6 10.Bc4 Kg7 11.Qg3 Bxf4 12.Qxf4 Ne7 13.O-O-O f5 14.f3 Ng8 15.e4 fxe4
16.Nxe4 Nf6 17.Ng5 d5 18.Bd3 Qd6 19.Qxd6 cxd6 20.Rde1 Bd7 21.Re7 Rae8 22.Rhe1 Ng8
23.Rxe8 Rxe8 24.Rxe8 Bxe8 25.Kd2 Bd7 26.Kc3 f6  1/2-1/2

[Event "HB Global CC"]
[Site "Minneapolis USA"]
[Date "2005.05.20"]
[Round "4"]
[White "Ibragimov,I"]
[Black "Kudrin,S"]
[Result "1/2-1/2"]
[WhiteElo "2611"]
[BlackElo "2554"]

1.d4 Nf6 2.Bg5 d5 3.Nd2 Nbd7 4.e3 g6 5.f4 Bg7 6.Bd3 c5 7.c3 O-O 8.Qf3 Qb6
9.Rb1 Qa5 10.a3 cxd4 11.exd4 Nb6 12.h3 Na4 13.Ne2 Bd7 14.O-O Bb5 15.Bxf6 Bxd3
16.Bxg7 Bxe2 17.Qxe2 Kxg7 18.Qxe7 Rfe8 19.Qh4 f6 20.Rfe1 Qb5 21.Nf3 Rxe1+
22.Qxe1 Re8 23.Qd1 Re2 24.c4 Qe8 25.cxd5 Qe3+ 26.Kh1 Nxb2 27.Qc1 Qf2 28.Qg1 Qxg1+
29.Nxg1 Rc2 30.d6 Kf8 31.Re1 Rc8 32.Re7 Nc4 33.Rxb7 Nxd6 34.Rxa7 Nf5 35.Nf3 h5
36.g4 Rc1+ 37.Kh2 Rc2+ 38.Kg1 Rc1+ 39.Kf2 Rc2+ 40.Ke1 hxg4 41.hxg4 Ne3 42.Nd2 Nxg4
43.a4 Ne3 44.a5 Ra2 45.Ne4 Nc2+ 46.Kd1 Nxd4 47.Nxf6 Ra1+ 48.Kd2 Rxa5  1/2-1/2

[Event "48th TCh-SCG"]
[Site "Herceg Novi SCG"]
[Date "2005.05.21"]
[Round "7"]
[White "Sedlak,N"]
[Black "Ivanisevic,I"]
[Result "1/2-1/2"]
[WhiteElo "2514"]
[BlackElo "2542"]

1.d4 Nf6 2.Bg5 c5 3.d5 Ne4 4.Bf4 e6 5.f3 Nf6 6.Nc3 Nxd5 7.Nxd5 exd5 8.Qxd5 Qf6
9.Be5 Qe6 10.e4 Nc6 11.Bc3 Qxd5 12.exd5 Nb4 13.Bxb4 cxb4 14.O-O-O Bd6 15.g3 h5
16.Nh3 h4 17.f4 Kf8 18.Bg2 b6 19.Ng5 Bb7 20.Bh3 Bc5 21.Bxd7 hxg3 22.hxg3 Rxh1
23.Rxh1 Bxd5 24.Rd1 Bc4 25.b3 Be2 26.Rd5 Rd8 27.Kd2 Bb5 28.Bc6 Rxd5+ 29.Bxd5 Be8
30.Ne4 Bg1 31.Nd6 Bh2 32.Nxe8 Kxe8 33.c3 Bxg3 34.f5 bxc3+  1/2-1/2

[Event "30th Elekes Mem GM"]
[Site "Budapest HUN"]
[Date "2005.05.22"]
[Round "2"]
[White "Hoang Thanh Trang"]
[Black "Berczes,D"]
[Result "1-0"]
[WhiteElo "2470"]
[BlackElo "2342"]

1.d4 Nf6 2.Bg5 d5 3.e3 c5 4.Bxf6 gxf6 5.dxc5 e6 6.Qh5 Bxc5 7.Nc3 Nc6 8.O-O-O Bb4
9.Nge2 Bd7 10.e4 dxe4 11.Nxe4 Be7 12.N2c3 f5 13.Nd6+ Bxd6 14.Rxd6 Qe7 15.Rd2 O-O-O
16.Be2 Ne5 17.Rhd1 Bc6 18.Rxd8+ Rxd8 19.Rxd8+ Qxd8 20.Qxh7 Qd4 21.Kb1 b5
22.a3 a5 23.f4 Qxf4 24.Nxb5 Bxb5 25.Bxb5 Qd4 26.Ba6+ Kc7 27.Qh8 Kb6 28.Qc8 Qg1+
29.Ka2 Qxg2 30.h4 Qd5+ 31.b3 a4 32.Bc4 Nxc4 33.bxc4 Qd2 34.Qb8+ Kc6 35.Qe8+ Kb7
36.Qxf7+ Kb8 37.Qe8+ Kc7 38.Qe7+ Kb8 39.Qf6 f4 40.Kb2 Qe3 41.h5 f3 42.h6 Qe4
43.Qf8+ Ka7 44.Qg7+ Qb7+ 45.Qxb7+ Kxb7 46.h7 f2 47.h8=Q f1=Q 48.Qd4 Kc6 49.Qe4+ Kc5
50.Qe5+ Kxc4 51.Qxe6+ Kc5 52.Qe3+ Kc6 53.Qc3+ Kb6 54.Qb4+ Kc7 55.Qxa4 Qf6+
56.Ka2 Qc3 57.Qb3 Qe1 58.Qc4+ Kd7 59.a4 Kd6 60.Kb2 Qe5+ 61.Qc3  1-0

[Event "HB Global CC"]
[Site "Minneapolis USA"]
[Date "2005.05.22"]
[Round "9"]
[White "Lawson,E"]
[Black "Sharavdorj,D"]
[Result "0-1"]
[WhiteElo "2367"]
[BlackElo "2453"]

1.d4 Nf6 2.Bg5 d5 3.Bxf6 exf6 4.e3 Bd6 5.g3 c6 6.Nd2 O-O 7.Bg2 Nd7 8.Ne2 f5
9.O-O Nf6 10.c4 dxc4 11.Nxc4 Bc7 12.Nc3 Be6 13.Qd3 Qe7 14.a3 a5 15.Rfd1 Rfd8
16.Qf1 h5 17.Rab1 a4 18.Rdc1 h4 19.Nd2 hxg3 20.hxg3 Ng4 21.b4 axb3 22.Nxb3 Qg5
23.Qe2 Re8 24.Nc5 Bc8 25.Nxb7 Bxg3 26.fxg3 Rxe3 27.Qd2 Bxb7 28.Rxb7 Rae8
29.d5 Qh5 30.Rb4 Qh2+ 31.Kf1 Rf3+ 32.Bxf3 Qxd2 33.Ne2 Rxe2  0-1

[Event "TCh-ROM A"]
[Site "Tusnad ROM"]
[Date "2005.05.23"]
[Round "3"]
[White "Padurariu,I"]
[Black "Minteanu,E"]
[Result "1/2-1/2"]
[WhiteElo "2153"]
[BlackElo "2248"]

1.d4 Nf6 2.Bg5 g6 3.Bxf6 exf6 4.c4 d6 5.Nc3 Bg7 6.e3 O-O 7.g3 f5 8.Bg2 Nd7
9.Nge2 Nf6 10.O-O Re8 11.Qc2 c6 12.b4 d5 13.cxd5 cxd5 14.Qb3 Be6 15.Rfc1 g5
16.Rc2 a6 17.b5 Qd6 18.Na4 Bd7 19.Nec3 axb5 20.Nxb5 Qa6 21.Nac3 Rec8 22.Rb2 Bxb5
23.Nxb5 Qc6 24.Bf1 Ne4 25.Bd3 Qe6 26.Re1 g4 27.Bxe4 dxe4 28.d5 Qd7 29.Rd2 Ra5
30.Rb1 Rc5 31.a4 Ra8 32.d6 Bf8 33.Rbd1 Ra6 34.Rd5 Rxd5 35.Rxd5 Rc6 36.Kg2 b6
37.Rd4 Kg7 38.Qd5 Rc5 39.Qb3 Kg6 40.Rd5 Rc6 41.Qb2 Bg7 42.Qb4 Bf6 43.Na3 Qe6
44.Qb5 Rxd6 45.Rxd6 Qxd6 46.Nc4 Qd1 47.Nxb6 Qf3+ 48.Kg1 Qd1+ 49.Qf1 Qb3 50.Qb5 Qd1+  1/2-1/2

[Event "30th Elekes Mem IM"]
[Site "Budapest HUN"]
[Date "2005.05.24"]
[Round "4"]
[White "Hasanova,E"]
[Black "Petran,Pa"]
[Result "1-0"]
[WhiteElo "2282"]
[BlackElo "2405"]

1.d4 Nf6 2.Bg5 d5 3.Nc3 Nbd7 4.f3 c5 5.dxc5 Qa5 6.e4 dxe4 7.Qd2 a6 8.O-O-O e6
9.Bxf6 Nxf6 10.fxe4 Bxc5 11.Qg5 O-O 12.e5 Bb4 13.Bd3 Bxc3 14.bxc3 Nd5 15.Ne2 Qa3+
16.Kd2 b5 17.Rhf1 Ra7 18.Rf3 f5 19.exf6 Nxf6 20.Rdf1 Raf7 21.Nf4 Qd6 22.Kc1 Bb7
23.Re3 Nd5 24.Rh3 Rxf4 25.Bxh7+ Kf7 26.Bg6+  1-0

[Event "Chigorin CC"]
[Site "St Petersburg RUS"]
[Date "2005.05.24"]
[Round "8"]
[White "Feofanov,D"]
[Black "Frolochkin,V"]
[Result "0-1"]
[WhiteElo "2310"]
[BlackElo "2208"]

1.d4 Nf6 2.Bg5 g6 3.Bxf6 exf6 4.e3 Bg7 5.h4 h5 6.c4 d6 7.Nc3 f5 8.g3 Nd7
9.Bg2 O-O 10.Nge2 Re8 11.b4 c6 12.Rb1 Nf6 13.b5 Ne4 14.bxc6 bxc6 15.O-O Qa5
16.Qc2 Qa6 17.Rb4 c5 18.Ra4 Qc6 19.Rb1 Bd7 20.Bxe4 fxe4 21.d5 Qc8 22.Ra3 Bg4
23.Nb5 Bf3 24.Kh2 Be5 25.Rxa7 Qg4 26.Nf4 Kg7 27.Nc7 Rxa7 28.Nxe8+ Kh7 29.Rb8 Qd7
30.Nh3 f6 31.Qb1 Kh6 32.Qb5 Qxb5 33.cxb5 Rxa2 34.Nc7 Ra1 35.Ng1 Rf1 36.Nxf3 exf3
37.Ne6 g5 38.b6 Rxf2+ 39.Kg1 Bxg3 40.Rf8 g4 41.b7 Rg2+ 42.Kf1 Rf2+ 43.Kg1 Rc2
44.Rxf6+ Kh7 45.Ng5+ Kg7 46.Nxf3 Rb2 47.Rf5 gxf3 48.Rg5+ Kf6 49.Rxg3 Rxb7
50.Kf2 Ke5 51.Kxf3 Rf7+ 52.Ke2 Kxd5 53.Rg5+ Ke4 54.Rg6 Ke5 55.Rh6 Ra7 56.Kf3 Rf7+
57.Ke2 Rf5 58.Rh8 Ke4 59.Rc8 Re5 60.Rc6 Kd5 61.Rc8 Re4 62.Rh8 Rxh4 63.Kf2 Rh3
64.Re8 Kc4 65.Re4+ Kd3 66.Re6 d5 67.Re5 d4 68.Rxc5 dxe3+ 69.Kg2 Rh4 70.Kf3 Rh3+
71.Kg2 e2 72.Rd5+ Ke4 73.Rd8 Re3  0-1